000 01835cam a2200325 a 4500
001 16628374
003 OSt
005 20180117085956.0
008 110128s2011 nyua b 001 0 eng
010 _a 2011002830
020 _a9781609185046 (hardcover)
040 _aDLC
_cDLC
_dDLC
042 _apcc
050 0 0 _aRC489.C63
_bB43 2011
082 0 0 _a616.89/1425
_222
100 1 _aBeck, Judith S.
245 1 0 _aCognitive behavior therapy :
_bbasics and beyond /
_cJudith S. Beck ; forword by Aaron T. Beck.
250 _a2nd ed.
260 _aNew York :
_bGuilford Press,
_c2011.
300 _axix, 391 p. :
_bill. ;
_c24 cm.
500 _aRev. ed. of: Cognitive therapy. c1995.
504 _aIncludes bibliographical references and index.
505 0 _aIntroduction to cognitive therapy -- Overview of treatment -- Cognitive conceptualization -- The evaluation session -- Structure of the first therapy session -- Behavioral activation -- Session two and beyond -- Problems with structuring the therapy session -- Identifying automatic thoughts -- Identifying emotions -- Evaluating automatic thoughts -- Responding to automatic thoughts -- Identifying and modifying intermediate beliefs -- Core beliefs -- Additional cognitive and behavioral techniques -- Imagery -- Homework -- Termination and relapse prevention -- Treatment planning -- Problems in therapy -- Progressing as a cognitive therapist.
650 0 _aCognitive therapy.
700 1 _aBeck, Judith S.
_tCognitive therapy.
906 _a7
_bcbc
_corignew
_d1
_eecip
_f20
_gy-gencatlg
942 _2ddc
_cBK
999 _c3082
_d3082